| 000 | 00545nam a2200229Ia 4500 | ||
|---|---|---|---|
| 008 | 210210b1948 xxu||||| |||| 00| 0 eng d | ||
| 041 | _aeng | ||
| 082 | _a822/1367 | ||
| 100 | _aGANDHI (M K) | ||
| 245 |
_aDelhi diary _bPrayer speeches from 10-9-47 to 30-1-48 |
||
| 260 |
_aAhmedabad _bNavajivan publishing house _c1948 |
||
| 650 | _ato | ||
| 650 | _aspeeches | ||
| 650 | _aPrayer | ||
| 650 | _afrom | ||
| 650 | _adiary | ||
| 650 | _aDelhi | ||
| 650 | _a30-1-48 | ||
| 650 | _a10-9-47 | ||
| 690 | _aEnglish Prose | ||
| 906 | _a013548 | ||
| 999 |
_c132429 _d132429 |
||